000 00790nam a22002057a 4500
999 _c18313
_d18313
003 AR-CdUCM
008 190513b ||||| |||| 00| 0 spa d
040 _aMUNICIPALIDAD PROVINCIAL DEL CUSCO
_cBIBLIOTECA MUNICIPAL DEL CUSCO
082 _a331.7 /
_bAL465
100 _aAltamirano Rúa, Teófilo
_938829
245 _aÉxodo :
_bperuanos en el exterior /
260 _aLima :
_bPUCP, Fondo Editorial,
_c1992.
300 _a224 páginas ;
_c21 cm.
505 _aContenido: Migraciones internacionales -- El área andina -- La diaspora peruana -- La migración peruana a los estados unidos...
650 _aPeruanos en el exterior y fuga de talentos
_938830
650 _aProfesionales peruanos
_93792
650 _aEmigración
_93793
942 _2ddc
_cLIBROS
945 _adavv
_d2019-05-13